000 00963nam a2200229Ia 4500
001 9963
003 GE_BSU
008 181216s||||||||xx |||||||||||||| ||und||
040 _cGE_BSU
080 _a821.353.1+821.353.1-92
100 _aნინოშვილი,ეგნატე
245 _aთხზულებათა სრული კრებული.ტ.3
245 _bპუბლიცისტური წერილები,დოკუმენტები და მასალები
245 _cრედ. და შენიშვნ. სიმონ ხუნდაძე.რედ. რ.გვეტაძე
260 _aტბილისი
260 _bფედერაცია
260 _c1935
300 _a178გვ.პორტრ.სურ.22სმ.
300 _eბიბლიოგრ. გვ. 165-177
653 _aთხზულებათა სრული კრებული
942 _cBK
999 _c43236
_d43236